000 00753nam a2200217Ia 4500
999 _c64389
_d64389
003 GCL
005 20240530110729.0
008 140319s9999 xx 000 0 ara d
020 _a9774087895
040 _aGCL /
_cGCL
082 0 4 _a005.3
_bم ث
100 1 _aميردوك، كيلى
245 1 0 _aثرى دى ستوديو ماكس 9 بايبل :
_b3 DS MAX 6 ( BIBLE ) /
_cميرودوك، كيلى
250 _aط.1
260 _aالقاهرة :
_bدار الفاروق للنشر والتوزيع ،
_c2007 .
300 _a1792 ص ؛
_c24 سم
650 0 4 _aالحاسبات الالكترونية
650 0 4 _aالحاسبات الالكترونية - برامج
650 0 4 _aثرى دى ستوديو ماكس 9
942 _2ddc
_cBK